All-time Great Adventure Roller Coasters Quiz Stats

 Plays Quiz not verified by Sporcle

Score 0/25 Timer 05:00
0 Plays Today
Years % Correct
2006-El Toro
85.9%
2005-Kingda Ka
85.9%
2001-Nitro
81.7%
1999-Medusa
78.9%
1979-Rolling Thunder
78.9%
1993-Batman: The Ride
73.2%
2011!-Green Lantern
70.4%
2003-Superman
70.4%
1989-2010Great American Scream Machine
69%
1995-Skull Mountain
64.8%
2008-Dark Knight
63.4%
1997-2007Batman & Robin
62%
1996-2005Viper
59.2%
Years % Correct
1974-Runaway Mine Train
56.3%
1990-92Shockwave
43.7%
1999-Road Runner Railway
31%
1978-92Lightnin' Loops
31%
1986-89Ultra Twister
28.2%
1976-78Alpen Blitz
19.7%
1974-77Big Fury
16.9%
1984-88Sarajevo Bobsled
16.9%
1978-81Wild Rider
12.7%
1975*Jumbo Jet
11.3%
1976-83Lil' Thunder
11.3%
1999-Blackbeard's Lost Mine Train
8.5%

You're not logged in!

Compare scores with friends on all Sporcle quizzes.
OR
Log In

Show Comments

Extras

Top Quizzes Today


Score Distribution

Your Account Isn't Verified!

In order to create a playlist on Sporcle, you need to verify the email address you used during registration. Go to your Sporcle Settings to finish the process.

Report this User

Report this user for behavior that violates our Community Guidelines.

Details: